Catálogo

Ciencia versus religión : (Registro nro. 25669)

Detalles MARC
000 -LEADER
fixed length control field 01312cam a2200349 i 4500
001 - CONTROL NUMBER
control field 25669
003 - CONTROL NUMBER IDENTIFIER
control field Mx-PuUPA
005 - DATE AND TIME OF LATEST TRANSACTION
control field 20260227081911.0
008 - FIXED-LENGTH DATA ELEMENTS--GENERAL INFORMATION
fixed length control field 140415s1998 000 0 spa d
017 ## - COPYRIGHT OR LEGAL DEPOSIT NUMBER
Copyright or legal deposit number B. 26.022-2007
020 ## - INTERNATIONAL STANDARD BOOK NUMBER
International Standard Book Number 9788484329183
040 ## - CATALOGING SOURCE
Original cataloging agency Mx-PuUPA
Language of cataloging spa
Transcribing agency Mx-PuUPA
Modifying agency Mx-PuUPA
Description conventions rda
041 1# - LANGUAGE CODE
Language code of text/sound track or separate title spa
Language code of original eng
100 1# - MAIN ENTRY--PERSONAL NAME
Personal name Gould, Stephen Jay,
Dates associated with a name 1941-
9 (RLIN) 765
Relator term autor
240 10 - UNIFORM TITLE
Uniform title Rocks of ages. Science and Religion in the Fullness of Life.
Language of a work Español
245 10 - TITLE STATEMENT
Title Ciencia versus religión :
Remainder of title un falso conflicto /
Statement of responsibility, etc. Stephen Jay Gould ; traducción castellana de Joandomènec Ros
250 ## - EDITION STATEMENT
Edition statement Primera edición /
Remainder of edition statement enDrakontos Bolsillo, junio
264 #1 - PRODUCTION, PUBLICATION, DISTRIBUTION, MANUFACTURE, AND COPYRIGHT NOTICE
Place of production, publication, distribution, manufacture Barcelona :
Name of producer, publisher, distributor, manufacturer Crítica,
Date of production, publication, distribution, manufacture, or copyright notice 2007
300 ## - PHYSICAL DESCRIPTION
Extent 232 páginas ;
Dimensions 19 cm
336 ## - CONTENT TYPE
Fuente rdacontent
Content type term texto
Content type code txt
337 ## - MEDIA TYPE
Source rdamedia
Media type term sin medio
Media type code n
338 ## - CARRIER TYPE
Source rdacarrier
Carrier type term volumen
Carrier type code nc
490 0# - SERIES STATEMENT
Series statement Drakontos de Bolsillo ;
Volume/sequential designation 16
650 #7 - SUBJECT ADDED ENTRY--TOPICAL TERM
Source of heading or term armarc
Topical term or geographic name entry element Religión y ciencia
650 #7 - SUBJECT ADDED ENTRY--TOPICAL TERM
Source of heading or term armarc
Topical term or geographic name entry element Ciencia
General subdivision Aspectos religiosos
650 #7 - SUBJECT ADDED ENTRY--TOPICAL TERM
Source of heading or term armarc
Topical term or geographic name entry element Evolución y religión
700 1# - ADDED ENTRY--PERSONAL NAME
Personal name Ros, Joandomènec,
Relator term traductor
765 0# - ORIGINAL LANGUAGE ENTRY
Main entry heading Gould, Stephen Jay, 1941-
Title Rocks of ages. Science and Religion in the Fullness of Life.
942 ## - ADDED ENTRY ELEMENTS (KOHA)
Source of classification or shelving scheme Dewey Decimal Classification
Koha item type Libro
Classification part 201.65
Item part G6718
Existencias
Withdrawn status Lost status Source of classification or shelving scheme Damaged status Not for loan Collection code Home library Current library Shelving location Date acquired Source of acquisition Total Checkouts Full call number Barcode Price effective from Koha item type
    Dewey Decimal Classification     General Centro de Estudios en Ciencia y Religión Centro de Estudios en Ciencia y Religión Sala general 03/12/2013 Compra   201.65 G6718 2007 47773 03/12/2013 Libro